00332nam a2200133Ia 4500008004100000020001800041041001200059082002300071100001400094245002500108260003300133300001100166650002100177231221s9999 xx 000 0 und d a81-261-2488-1 aEnglish a641.302 VEE1;1 R aUdai Veer 0aNutrition and health c2005bAnmol Publ.aNew Delhi avi+306 aNutrition,health